| 000 | 01617cam a22004097i 4500 | ||
|---|---|---|---|
| 001 | 1303635760 | ||
| 003 | SIRSI | ||
| 005 | 20240613115947.0 | ||
| 008 | 220315t20212021nyua j 000 1 eng d | ||
| 020 |
_a9781338768060 _q(paperback) |
||
| 020 |
_a1338768069 _q(paperback) |
||
| 040 |
_aUUC _beng _cUUC _dOCLCO _dOCLCF _dXY4 _dOCLCO _dOCLCL |
||
| 092 |
_aPBJ _bPOKEMON |
||
| 100 | 1 |
_aWest, Tracey, _d1965- _eauthor. |
|
| 245 | 1 | 0 |
_aRace to danger ; _bTalent showdown / _cadapted by Tracey West. |
| 246 | 3 | 0 | _aTalent showdown. |
| 260 |
_aNew York, NY : _bScholastic Inc., _cc2021. |
||
| 264 | 1 |
_aNew York, NY : _bScholastic Inc., _c[2021] |
|
| 264 | 4 | _cc2021. | |
| 300 |
_a83, 81 pages : _billustrations ; _c20 cm. |
||
| 336 |
_atext _btxt _2rdacontent. |
||
| 336 |
_astill image _bsti _2rdacontent. |
||
| 337 |
_aunmediated _bn _2rdamedia. |
||
| 338 |
_avolume _bnc _2rdacarrier. |
||
| 490 | 1 | _aPokemon. | |
| 500 | _aTexts bound back-to-back and inverted. | ||
| 520 | _aAsh and his friends help Windy win a hot air ballon race in which Team Rocket is also competing. | ||
| 520 | _aWhen Ash discovers that his old rival, Gary, is competing in the Pokemon Talent Show, Ash determines to enter and win, but Team Rocket has other plans for all the Pokemon in the show. | ||
| 526 | 0 |
_aAccelerated Reader AR _bLG _c3.5 _d1 _z189464. |
|
| 650 | 0 | _aUpside-down books. | |
| 650 | 0 |
_aBallooning _vJuvenile fiction. |
|
| 650 | 0 |
_aPok©♭mon (Fictitious characters) _vJuvenile fiction. |
|
| 650 | 0 |
_aAnimals, Mythical _vJuvenile fiction. |
|
| 650 | 0 |
_aTalent shows _vJuvenile fiction. |
|
| 830 | 0 | _aPokemon. | |
| 942 | _cBK | ||
| 999 |
_c29871 _d29869 |
||